• 首页
  • 本馆介绍
  • 公告通知
  • 最新文献
  • 馆藏检索
  • 电子资源
  • 读者导购
  • 参考咨询
  • 我的图书馆
  • 登录
  • 详细信息显示
  • 放入我的书架
  • 预约/预借图书
  • 作者相关作品
  • 分类相关作品
  • 丛书相关作品
  • 出版社相关作品

书目信息

  • 表格格式
  • 工作单格式
  • 卡片格式
题名:
信息资源管理
    
 
作者: 陈畴镛 编著
分册:  
出版信息: 杭州   浙江大学出版社  2004
页数: 346页
开本: 23cm
丛书名: 信息管理与信息系统专业核心课程精品教材系列
单 册:
中图分类: G203
科图分类:
主题词: 信息管理--资源管理
电子资源:
ISBN: 7-308-03815-7
000 00836nam2 2200241 45
001 002737366
005 20050913083808.10
010    @a7-308-03815-7@dCNY29.00
100    @a20040802d2004 em y0chiy0110 ea
101 0  @achi
102    @aCN@b330000
105    @ay z 000yy
200 1  @a信息资源管理@Axin xi zi yuan guan li@f陈畴镛编著@FChen Chou Yong Bian Zhu
210    @a杭州@c浙江大学出版社@d2004
215    @a346页@d23cm
225    @a信息管理与信息系统专业核心课程精品教材系列
330    @a本书着力反映国民经济与社会信息化建设中的信息资源管理问题,讲述了信息与信息资源、信息资源管理基础、信息资源的开发与利用等。
410    @12001 @a信息管理与信息系统专业核心课程精品教材系列
606 0  @a信息管理@x资源管理
690    @aG203@v4
701  0 @a陈畴镛@4编著
801  0 @aCN@bNLC@c20050913
905    @f3@b351620-622@dG203@e150
    
    信息资源管理/陈畴镛编著.-杭州:浙江大学出版社,2004
    346页;23cm.-(信息管理与信息系统专业核心课程精品教材系列)
    
    
    ISBN 7-308-03815-7:CNY29.00
    本书着力反映国民经济与社会信息化建设中的信息资源管理问题,讲述了信息与信息资源、信息资源管理基础、信息资源的开发与利用等。
●
相关链接 在E读中查询图书 在五车中查询图书 在当当中查询图书 在豆瓣中查询图书


正题名:信息资源管理     索取号:G203/150         预约/预借

序号 登录号 条形码 馆藏地/架位号 状态 备注
1 0351620   3516207   第一样本阅览室/ [索取号:G203/150] 在馆    
2 0351621   3516216   第四借阅区/ [索取号:G203/150] 在馆    
3 0351622   3516225   第四借阅区/ [索取号:G203/150] 在馆    
4 0361047   3610471   第四借阅区/ [索取号:G203/150] 在馆    
5 0361048   3610480   第四借阅区/ [索取号:G203/150] 在馆    
6 0361049   3610499   第四借阅区/ [索取号:G203/150] 在馆    
唐山师范学院图书馆 欢迎您!
大连网信软件有限公司© 版权所有